Design of fluid thermal systems / (Record no. 60660)

000 -LEADER
fixed length control field 01213cam a22003015i 4500
001 - CONTROL NUMBER
control field 17966622
003 - CONTROL NUMBER IDENTIFIER
control field NUST-PNEC
005 - DATE AND TIME OF LATEST TRANSACTION
control field 20170116180704.0
008 - FIXED-LENGTH DATA ELEMENTS--GENERAL INFORMATION
fixed length control field 131209s2014 ohu 000 0 eng
020 ## - INTERNATIONAL STANDARD BOOK NUMBER
International Standard Book Number 0495667994
020 ## - INTERNATIONAL STANDARD BOOK NUMBER
International Standard Book Number 9780495667995
040 ## - CATALOGING SOURCE
Original cataloging agency DLC
Language of cataloging eng
Transcribing agency PNEC
Description conventions rda
042 ## - AUTHENTICATION CODE
Authentication code pcc
082 ## - DEWEY DECIMAL CLASSIFICATION NUMBER
Classification number 621.402 JAN
100 1# - MAIN ENTRY--PERSONAL NAME
Personal name Janna, William S.
245 10 - TITLE STATEMENT
Title Design of fluid thermal systems /
Statement of responsibility, etc. William S. Janna.
Remainder of title SI Edition
250 ## - EDITION STATEMENT
Edition statement 3rd ed.
260 ## - PUBLICATION, DISTRIBUTION, ETC.
Place of publication, distribution, etc. Australia
Name of publisher, distributor, etc. Cengage Learning, USA
Date of publication, distribution, etc. c2011.
300 ## - PHYSICAL DESCRIPTION
Extent xvii, 634 p.:
Other physical details ill. :
Dimensions 23 cm.
500 ## - GENERAL NOTE
General note Includes Index http://www.amazon.com/Design-Fluid-Thermal-Systems-Version/dp/0495667994/ref=sr_1_1?s=books&ie=UTF8&qid=1410930569&sr=1-1&keywords=0495667994
650 ## - SUBJECT ADDED ENTRY--TOPICAL TERM
General subdivision ME
856 42 - ELECTRONIC LOCATION AND ACCESS
Materials specified Contributor biographical information
Uniform Resource Identifier <a href="http://www.loc.gov/catdir/enhancements/fy1405/2013957152-b.html">http://www.loc.gov/catdir/enhancements/fy1405/2013957152-b.html</a>
856 42 - ELECTRONIC LOCATION AND ACCESS
Materials specified Publisher description
Uniform Resource Identifier <a href="http://www.loc.gov/catdir/enhancements/fy1405/2013957152-d.html">http://www.loc.gov/catdir/enhancements/fy1405/2013957152-d.html</a>
856 41 - ELECTRONIC LOCATION AND ACCESS
Materials specified Table of contents only
Uniform Resource Identifier <a href="http://www.loc.gov/catdir/enhancements/fy1405/2013957152-t.html">http://www.loc.gov/catdir/enhancements/fy1405/2013957152-t.html</a>
906 ## - LOCAL DATA ELEMENT F, LDF (RLIN)
a 0
b ibc
c orignew
d 3
e epcn
f 20
g y-gencatlg
942 ## - ADDED ENTRY ELEMENTS (KOHA)
Source of classification or shelving scheme
Koha item type Book
Holdings
Withdrawn status Lost status Source of classification or shelving scheme Damaged status Not for loan Permanent Location Current Location Shelving location Date acquired Source of acquisition Cost, normal purchase price Total Checkouts Full call number Barcode Date last seen Date last checked out Cost, replacement price Price effective from Koha item type
          Pakistan Navy Engineering College (PNEC) Pakistan Navy Engineering College (PNEC) Reference 03/19/2013 Progressive International Agency 13810.00 1 621.402 JAN PNECLIB-031176 05/04/2016 05/04/2016 13810.00 03/19/2013 Book
© 2023 Central Library, National University of Sciences and Technology. All Rights Reserved.